<?xml version="1.0" encoding="UTF-8"?><?xml-stylesheet type="text/xsl" href="static/style.xsl"?><OAI-PMH xmlns="http://www.openarchives.org/OAI/2.0/" xmlns:xsi="http://www.w3.org/2001/XMLSchema-instance" xsi:schemaLocation="http://www.openarchives.org/OAI/2.0/ http://www.openarchives.org/OAI/2.0/OAI-PMH.xsd"><responseDate>2026-04-14T02:13:46Z</responseDate><request verb="GetRecord" identifier="oai:www.recercat.cat:20.500.12694/7254" metadataPrefix="marc">https://recercat.cat/oai/request</request><GetRecord><record><header><identifier>oai:recercat.cat:20.500.12694/7254</identifier><datestamp>2025-12-18T12:09:23Z</datestamp><setSpec>com_2072_179042</setSpec><setSpec>col_2072_484474</setSpec></header><metadata><record xmlns="http://www.loc.gov/MARC21/slim" xmlns:dcterms="http://purl.org/dc/terms/" xmlns:xsi="http://www.w3.org/2001/XMLSchema-instance" xmlns:doc="http://www.lyncode.com/xoai" xsi:schemaLocation="http://www.loc.gov/MARC21/slim http://www.loc.gov/standards/marcxml/schema/MARC21slim.xsd">
   <leader>00925njm 22002777a 4500</leader>
   <datafield ind2=" " ind1=" " tag="042">
      <subfield code="a">dc</subfield>
   </datafield>
   <datafield ind2=" " ind1=" " tag="720">
      <subfield code="a">Tineo Peiro, Irene</subfield>
      <subfield code="e">author</subfield>
   </datafield>
   <datafield ind2=" " ind1=" " tag="260">
      <subfield code="c">2022-06</subfield>
   </datafield>
   <datafield ind2=" " ind1=" " tag="520">
      <subfield code="a">L’objectiu d’aquest treball se centra a analitzar el procediment d’accés als conservatoris superiors públics d’Espanya, amb els propòsits principals de conèixer quins exercicis concrets es programen en aquests exàmens d’accés, i de determinar si existeix uniformitat en les proves d’accés en l’àmbit nacional.&#xd;
Per a dur-ho a terme, s’han recollit les dades pertinents a través dels portals web dels conservatoris superiors i dels Butlletins Oficials d’Educació de cada comunitat autònoma, i s’han exposat en diferents gràfics i taules que permeten una comparació directa i molt visual. En última instància, s’ha analitzat el contingut d’aquestes dades, arribant a la conclusió que hi ha una gran heterogeneïtat a nivell general, però que s’observen tendències cap a dos models diferenciats d’accés al grau superior de música.</subfield>
   </datafield>
   <datafield ind2=" " ind1=" " tag="520">
      <subfield code="a">El objetivo de este trabajo se centra en analizar el procedimiento de acceso a los conservatorios superiores de música públicos de España, con los propósitos principales de conocer qué ejercicios concretos se programan en los exámenes de acceso, y de determinar si existe uniformidad en las pruebas de acceso a nivel nacional.&#xd;
Para ello se han recogido los datos pertinentes a través de los portales web de los conservatorios superiores y los Boletines Oficiales de Educación de cada comunidad autónoma, y se han expuesto en distintos gráficos y tablas que permiten una comparación directa y muy visual. En última instancia, se ha analizado el contenido de estos datos, llegando a la conclusión de que hay una gran heterogeneidad a nivel general, pero que se observan tendencias hacia dos modelos diferenciados de acceso al grado superior de música.</subfield>
   </datafield>
   <datafield ind2=" " ind1=" " tag="520">
      <subfield code="a">This project aims to analyze the different assessment procedures to access higher education levels at Spanish conservatories, for the purpose of knowing which specific exercises are set in those exams, and of establishing whether there’s uniformity in the entrance tests nationwide.&#xd;
To achieve those goals, relevant data have been collected through the websites of the studied conservatories and the Official Education Gazettes of each autonomous community. These data have been exposed in diagrams and charts, which allow a direct and visual comparison. Ultimately, those graphs have been analyzed, reaching a conclusion that shows great heterogeneity overall, but also the identification of two distinct models for accessing the higher level of music studies.</subfield>
   </datafield>
   <datafield ind1="8" ind2=" " tag="024">
      <subfield code="a">http://hdl.handle.net/20.500.12694/7254</subfield>
   </datafield>
   <datafield tag="653" ind2=" " ind1=" ">
      <subfield code="a">TFG Música clàssica i contemporània</subfield>
   </datafield>
   <datafield tag="653" ind2=" " ind1=" ">
      <subfield code="a">Ensenyament universitari--Espanya</subfield>
   </datafield>
   <datafield tag="653" ind2=" " ind1=" ">
      <subfield code="a">Música--Ensenyament--Proves d'accés--Espanya</subfield>
   </datafield>
   <datafield tag="653" ind2=" " ind1=" ">
      <subfield code="a">Conservatoris de música--Proves d'accés--Espanya</subfield>
   </datafield>
   <datafield ind2="0" ind1="0" tag="245">
      <subfield code="a">El acceso al grado superior de música : investigación y análisis sobre las pruebas de acceso a nivel estatal</subfield>
   </datafield>
</record></metadata></record></GetRecord></OAI-PMH>